| 000 | 00448nam a22001697a 4500 | ||
|---|---|---|---|
| 999 |
_c17292 _d17292 |
||
| 008 | 181018b xxu||||| |||| 00| 0 eng d | ||
| 020 | _a9381082706 | ||
| 040 |
_aKABU _cKABU |
||
| 050 |
_aKD1554 _b.D89 2011 c. 1 |
||
| 100 | _aDuxbury, Robert | ||
| 245 |
_aContract law _cRobert Duxbury |
||
| 250 | _a2nd ed. | ||
| 260 |
_aLondon _bSweet & Maxwell _c2011 |
||
| 300 | _axlix, 464 p. | ||
| 650 | _aContracts | ||
| 942 |
_2lcc _cBK _e2nd _hKD1554 |
||